| 000 | 00944cam a2200217 4500 | ||
|---|---|---|---|
| 001 | WB3803-01 | ||
| 008 | 020124n2002 000 0 eng u | ||
| 035 | _a(Sirsi) u116433 | ||
| 245 | _aCLG deadline to end retentions | ||
| 260 | _c2002 | ||
| 490 |
_aContract Journal _v 23 January 2002, 4(1) |
||
| 520 | _aThe Constructors Liaison Group has set a target of ridding the industry of retentions in all public sector work within six months. It intends to hold government accountable to its "Achieving Excellence" programme, which promotes Best Value, but is due to expire soon. CLG calls on the 18 departments which signed up to the document to explain how they are achieving the goals they set out. | ||
| 590 | _aWB | ||
| 650 | _aCONSTRUCTION LIAISON GROUP | ||
| 650 | _aRETENTIONS | ||
| 650 | _aPUBLIC SECTOR WORK | ||
| 650 | _aBEST VALUE | ||
| 650 | _aSMALL BUSINESSES | ||
| 690 | _aBUILT ENVIRONMENT-BUILDING COSTS | ||
| 942 | _n0 | ||
| 999 |
_c69356 _d69356 |
||